Technológiai tényezők hatása a húshasznú tehenek viselkedésére
Elmentve itt :
| Szerző: | |
|---|---|
| További közreműködők: | |
| Dokumentumtípus: | Szakdolgozat |
| Megjelent: |
1992
|
| Kulcsszavak: | Marhahústermelés Szarvasmarha-tenyésztés Viselkedés Etológia |
| Tárgyszavak: | |
| Online Access: | http://diploma.bibl.u-szeged.hu/99729 |
| LEADER | 00776nta a2200241 i 4500 | ||
|---|---|---|---|
| 001 | dipl99729 | ||
| 005 | 20211220135942.0 | ||
| 008 | 211207s1992 hu om 0|| hun d | ||
| 040 | |a SZTE Diploma Repozitórium |b hun | ||
| 041 | |a hun | ||
| 100 | 1 | |a Tasi Tamás | |
| 245 | 1 | 0 | |a Technológiai tényezők hatása a húshasznú tehenek viselkedésére |h [elektronikus dokumentum] / |c Tamás Tasi |
| 260 | |c 1992 | ||
| 300 | |a 35 | ||
| 650 | 4 | |a Agrár | |
| 650 | 4 | |a Agricultural sciences | |
| 650 | 4 | |a Animal and Dairy science | |
| 695 | |a Marhahústermelés | ||
| 695 | |a Szarvasmarha-tenyésztés | ||
| 695 | |a Viselkedés | ||
| 695 | |a Etológia | ||
| 700 | 1 | |a Dendörfer Zoltán |e ths | |
| 856 | 4 | 0 | |u http://diploma.bibl.u-szeged.hu/id/eprint/99729/1/1992_tasi_tamas.pdf |z Dokumentum-elérés |